| Tag |
First Indicator |
Second Indicator |
Subfields |
| LEADER |
00000cas a2200000 4500 |
| 001 |
in00000042217 |
| 005 |
20151007070813.0 |
| 008 |
750418d19681989nyuqr1p 0 a0eng |
| 010 |
|
|
|a 75001957
|
| 012 |
|
|
|a 3
|e n
|i 8810
|k 1
|m d
|
| 019 |
|
|
|a 1604227
|
| 022 |
0 |
|
|a 0026-0800
|
| 030 |
|
|
|a MEIJAP
|
| 035 |
|
|
|a (OCoLC)ocm01285707
|
| 035 |
|
|
|a (OCoLC)01285707
|
| 035 |
|
|
|9 AAE4744AM
|
| 040 |
|
|
|a DLC
|c KSU
|d SUL
|d NSD
|d OCL
|d DLC
|d OCL
|d SER
|d AIP
|d OCL
|d NST
|d NSD
|d DLC
|d WAU
|d HUL
|d MYG
|d NST
|d CAS
|d ELM
|d NST
|d OCLCQ
|d UtOrBLW
|
| 042 |
|
|
|a nsdp
|a lc
|
| 049 |
|
|
|a TXAM
|
| 050 |
0 |
0 |
|a TN690
|b .M39
|
| 082 |
0 |
|
|a 669.9/5/05
|
| 210 |
0 |
|
|a Metallography
|
| 222 |
|
0 |
|a Metallography
|
| 245 |
0 |
0 |
|a Metallography.
|
| 264 |
|
1 |
|a New York :
|b American Elsevier Pub. Co.
|
| 300 |
|
|
|a 23 volumes :
|b illustrations ;
|c 23 cm.
|
| 310 |
|
|
|a Bimonthly,
|b 1989
|
| 321 |
|
|
|a Quarterly,
|b <Jan. 1978>-Nov. 1988
|
| 321 |
|
|
|a Bimonthly,
|b 1968-
|
| 336 |
|
|
|a text
|b txt
|2 rdacontent
|
| 337 |
|
|
|a unmediated
|b n
|2 rdamedia
|
| 338 |
|
|
|a volume
|b nc
|2 rdacarrier
|
| 362 |
0 |
|
|a v. 1-23; Sept. 1968-Nov. 1989.
|
| 510 |
2 |
|
|a Chemical abstracts
|x 0009-2258
|b -1989
|
| 550 |
|
|
|a Vols. for 1968-89 published in association with the International Metallographic Society.
|
| 650 |
|
0 |
|a Metallography
|v Periodicals.
|
| 710 |
2 |
|
|a International Metallographic Society.
|
| 785 |
0 |
0 |
|t Materials characterization
|x 1044-5803
|w (DLC) 90648334
|w (OCoLC)19834236
|
| 850 |
|
|
|a AU
|a AzTeS
|a CoU
|a DLC
|a ICRL
|a ICU
|a IaAS
|a MCM
|a MH-GM
|a MiDW
|a MiU
|a NBuU
|a NBuU-SE
|a NN
|a PU
|a TxArU
|a ULA
|a WaU
|
| 949 |
|
|
|a AM_DB_MFHD URL added
|b h
|c 2003/12/8
|d c
|e rstovall5
|f 1:04:34 pm
|
| 994 |
|
|
|a E0
|b TXA
|
| 999 |
|
|
|a MARS
|
| 999 |
f |
f |
|s bf91b49c-b037-3bc9-8549-62e18692b26a
|i b9d64331-c9cc-3acc-b0b9-364921eb3652
|t 0
|
| 952 |
f |
f |
|p ric
|a Texas A&M University
|b Rellis Campus
|c Joint Library Facility
|d Remote Storage
|t 0
|e TN690 .M39
|h Library of Congress classification
|i unmediated -- volume
|k v.22
|l 1988
|m A14812035115
|
| 952 |
f |
f |
|p ric
|a Texas A&M University
|b Rellis Campus
|c Joint Library Facility
|d Remote Storage
|t 0
|e TN690 .M39
|h Library of Congress classification
|i unmediated -- volume
|k v.23
|l 1989
|m A14812885772
|
| 952 |
f |
f |
|p ric
|a Texas A&M University
|b Rellis Campus
|c Joint Library Facility
|d Remote Storage
|t 0
|e TN690 .M39
|h Library of Congress classification
|i unmediated -- volume
|k v.17-v.18
|l 1984-1985
|m A14837733314
|
| 952 |
f |
f |
|p ric
|a Texas A&M University
|b Rellis Campus
|c Joint Library Facility
|d Remote Storage
|t 0
|e TN690 .M39
|h Library of Congress classification
|i unmediated -- volume
|k v.19 -v.20
|l 1986-1987
|m A14811379493
|
| 952 |
f |
f |
|p ric
|a Texas A&M University
|b Rellis Campus
|c Joint Library Facility
|d Remote Storage
|t 0
|e TN690 .M39
|h Library of Congress classification
|i unmediated -- volume
|k v.10
|l 1977
|m A14837730714
|
| 952 |
f |
f |
|p ric
|a Texas A&M University
|b Rellis Campus
|c Joint Library Facility
|d Remote Storage
|t 0
|e TN690 .M39
|h Library of Congress classification
|i unmediated -- volume
|k v.21
|l 1988
|m A14812022837
|
| 952 |
f |
f |
|p ric
|a Texas A&M University
|b Rellis Campus
|c Joint Library Facility
|d Remote Storage
|t 0
|e TN690 .M39
|h Library of Congress classification
|i unmediated -- volume
|k v.4:no.6
|l 1971
|m A14837733322
|
| 952 |
f |
f |
|p ric
|a Texas A&M University
|b Rellis Campus
|c Joint Library Facility
|d Remote Storage
|t 0
|e TN690 .M39
|h Library of Congress classification
|i unmediated -- volume
|k v.15 -v.16
|l 1982-1983
|m A14818736785
|
| 952 |
f |
f |
|p ric
|a Texas A&M University
|b Rellis Campus
|c Joint Library Facility
|d Remote Storage
|t 0
|e TN690 .M39
|h Library of Congress classification
|i unmediated -- volume
|k v.13-v.14
|l 1980-1981
|m A14837733306
|
| 952 |
f |
f |
|p ric
|a Texas A&M University
|b Rellis Campus
|c Joint Library Facility
|d Remote Storage
|t 0
|e TN690 .M39
|h Library of Congress classification
|i unmediated -- volume
|k v.6
|l 1973
|m A14837730667
|
| 952 |
f |
f |
|p ric
|a Texas A&M University
|b Rellis Campus
|c Joint Library Facility
|d Remote Storage
|t 0
|e TN690 .M39
|h Library of Congress classification
|i unmediated -- volume
|k v.7:no.2-v.7:no.6
|l 1974
|m A14837730675
|
| 952 |
f |
f |
|p ric
|a Texas A&M University
|b Rellis Campus
|c Joint Library Facility
|d Remote Storage
|t 0
|e TN690 .M39
|h Library of Congress classification
|i unmediated -- volume
|k v.11
|l 1978
|m A14837730722
|
| 952 |
f |
f |
|p ric
|a Texas A&M University
|b Rellis Campus
|c Joint Library Facility
|d Remote Storage
|t 0
|e TN690 .M39
|h Library of Congress classification
|i unmediated -- volume
|k v.8
|l 1975
|m A14837730683
|
| 952 |
f |
f |
|p ric
|a Texas A&M University
|b Rellis Campus
|c Joint Library Facility
|d Remote Storage
|t 0
|e TN690 .M39
|h Library of Congress classification
|i unmediated -- volume
|k v.9
|l 1976
|m A14837730706
|
| 952 |
f |
f |
|p ric
|a Texas A&M University
|b Rellis Campus
|c Joint Library Facility
|d Remote Storage
|t 0
|e TN690 .M39
|h Library of Congress classification
|i unmediated -- volume
|k v.5
|l 1972
|m A14837730641
|
| 952 |
f |
f |
|p ric
|a Texas A&M University
|b Rellis Campus
|c Joint Library Facility
|d Remote Storage
|t 0
|e TN690 .M39
|h Library of Congress classification
|i unmediated -- volume
|k v.12
|l 1979
|m A14837733291
|
| 998 |
f |
f |
|a TN690 .M39
|s v.23:no.1-3 (1989)
|t 0
|l Remote Storage
|